01666nam a22002657a 45000010005000000030006000050050017000110080041000280200018000690400029000870500019001160820012001351000033001472450068001802500037002482600035002853000040003205050007003605200912003675210018012795210018012976500024013156500030013397000031013696067FISKH20250305104659.0250305b cb ||||| |||| 00| 0 eng d a9780545814904 aFISKHbengcFISKHdFISKH aPZ7.B6484992 B a 823.92 aBosch, Pseudonymousd(1967-) aBad magic /cPseudonymous bosch ; Illustrations by Gilbert Ford aFirst paperback printing in 2016 aNew York :bScholastic,c2014. a393 pages :billustrations ;c20 cm aR  aAs in fake. Cheesy. Unreal. At least, that's what Clay, who has seen one magic show too many, thinks. When words from his journal appear mysteriously on his school wall as graffiti, he never imagines that magic might be to blame. And when the same graffiti lands him at Earth Ranch, a camp for "troubled" kids on a remote volcanic island, magic is the last thing he expects to find there. But at Earth Ranch, there is one strange surprise after another, until Clay no longer knows what to expect. Is he really talking to a llama? Did he really see a ghost? What is the scary secret hidden in the abandoned library? The only thing he knows for sure is that behind the clouds of vog (volcanic smog), nothing is as it seems. Can he solve the riddle of Earth Ranch before trouble erupts? Elusive author Pseudonymous Bosch introduces an extraordinary new series that will have you believing in the unbelievable. 8 a730 bLexile 8 aR bRaz-Plus  2HumoraMiddle grade 2MysteryaJuvenile fiction aFord, Gilbertdillustrator